000 00926nam a2200253 a 4500
001 BRL_1773
005 20190320211349.0
008 290715s1974----mx-a######---#000-0#spa-#
041 _aspa
044 _amx
050 4 _aF1219.1.M55
_b.S47 1974
100 1 _aSepúlveda y H., María Teresa
_927837
245 1 0 _aLos cargos politicos y religiosos en la región del lago de Pátzcuaro
_cMaría Teresa Sepúlveda y H.
260 _aMéxico
_bInstituto Nacional de Antropología e Historia
_c1974
300 _a138 p.
_bil.
_c26 cm.
440 0 _aColección científica. Etnología
_v19
_927838
500 _aAu2004
500 _aIncluye dedicatoria a Ruth Lechuga.
504 _aBibliografía: p. 129-135
651 4 _aPátzcuaro (Michoacán : México)
_xHistoria - Política y gobierno
_927839
651 4 _aPátzcuaro (Michoacán : México)
_xHistoria - Religión y mitología
_927840
902 _aGRL
942 _2lcc
_cB
999 _c10581
_d10581